|
|
|
|
| LEADER |
01239nam a2200277 i 4500 |
| 001 |
10085652 |
| 003 |
GR-PaULI |
| 005 |
20240610135202.0 |
| 008 |
191023s2004 gr a g gre d |
| 952 |
|
|
|0 0
|1 0
|2 ddc
|4 0
|6 759_600000000000000_PIE
|7 0
|9 236462
|a THST
|b THST
|d 2019-10-23
|i 007694
|l 0
|o 759.6 PIE
|p 025000264509
|r 2019-10-23 00:00:00
|t 1
|v 2019.00
|w 2019-10-23
|y BK15
|
| 999 |
|
|
|c 143139
|d 143139
|
| 020 |
|
|
|a 9603255440
|
| 040 |
|
|
|a GR-PaULI
|c GR-PaULI
|b gre
|e AACR2
|
| 041 |
1 |
|
|a gre
|h eng
|
| 082 |
0 |
4 |
|a 759.6
|2 23
|
| 245 |
0 |
0 |
|a Πιέρο Ντέλλα Φραντσέσκα /
|c κείμενο του M;ichael Michael ; μετάφραση από τα αγγλικά Παλμύρας Ισμυρίδου.
|
| 260 |
|
|
|a Αθήνα :
|b Αγρας,
|c 2004.
|
| 300 |
|
|
|a 79 σ. :
|b εικ. ;
|c 23 εκ.
|
| 500 |
|
|
|a Τίτλος πρωτοτύπου : Piero della Francesca.
|
| 600 |
1 |
4 |
|a Della Francesca- Piero
|d 1420-1492
|9 28166
|
| 650 |
|
4 |
|a Ζωγράφοι, Ισπανοί.
|9 178452
|
| 650 |
|
4 |
|a Καλλιτέχνες, Ισπανοί.
|9 177247
|
| 700 |
1 |
4 |
|9 178522
|a Michael, Michael.
|e συγγραφέας
|
| 700 |
1 |
4 |
|a Ισμυρίδου, Παλμύρα,
|d 1958-
|e μεταφράστρια
|9 149561
|
| 942 |
|
|
|2 ddc
|c BK15
|
| 998 |
|
|
|c ΜΑΝΙΑ
|d 2019-10
|